000 01076pam a2200361 a 4500
003 OSt
005 20140310184352.0
008 860401s1986 nyua j b 001 0 eng
010 _a 85048254
020 _a0690045646 :
_c$11.95
020 _a043909917x
_c$11.89
040 _aDLC
_cDLC
_dDLC
042 _alcac
050 0 0 _aQH 541.5.P7
_b.G46 1999
100 1 _aGeorge, Jean Craighead,
_d1919-
_925267
245 1 0 _aOne day in the prairie /
_cJean Craighead George ; illustrated by Bob Marstall.
250 _a1st ed.
260 _aNew York :
_bCrowell,
_c1999.
300 _a42 p. :
_bill. ;
_c21 cm.
500 _aIncludes index.
521 _aG6
526 _c800
650 0 _aPrairie ecology
_xJuvenile literature.
_925268
650 0 _aTornadoes
_xJuvenile literature.
_925269
650 1 _aPrairie animals.
_925270
650 1 _aPrairies.
_925271
650 1 _aTornadoes.
_96746
700 1 _aMarstall, Bob,
_eill.
_925272
906 _a7
_bcbc
_corignew
_d1
_eocip
_f19
_gy-gencatlg
942 _2lcc
_cBK-SCHOLAS
999 _c33967
_d33967